000 00434nam a22001457a 4500
020 _a81-240-1567-8
082 _a894.812.3
_bSAN/C
100 _aSANTHOSHKUMAR, E
245 _aCHAVUKALI
260 _aKOTTAYAM
_bDC BOOKS
_c2021
300 _a152
520 _a2006-ലെ കേരള സാഹിത്യക്കാദമി അവാര്‍ഡ് നേടിയ കൃതി.
650 _aMALAYALAM STORY
_zKERALA
942 _cBK
999 _c7901
_d7901